000 00438nam a2200181Ia 4500
005 20230725102928.0
008 131103s9999 xx 000 0 und d
040 _aLoreto College
041 _aEnglish
082 _aF
_bCRO
100 _aCronin,A.J.
245 4 _aThe Spanish gardener
_cA.J.Cronin
260 _aNew York
_bPuramid Books
_c1950
300 _a157 p.
650 _aFiction in English
850 _aLCLIB
942 _cBK
999 _c15624
_d66103